000
00305 a2200121 4500
005
20250625143528.0
020
_a
0-536-15454-6
082
_a
519.4 STA
245
_a
Statistics
260
_a
New York,
_b
Pearson,
_c
2006.
300
_a
xii, 482p.; ill.; figure, table
_b
Appendix, Index
_c
26cm.
942
_2
ddc
_c
BKS
999
_c
5105
_d
5105